MARC details
| 000 -LÍDER |
| campo de controle de tamanho fixo |
01318nam a2200265 4500 |
| 001 - NÚMERO DE CONTROLE |
| campo de controle |
390 |
| 003 - IDENTIFICADOR DO NÚMERO DE CONTROLE |
| campo de controle |
OSt |
| 005 - DATA E HORÁRIO DA ÚLTIMA TRANSAÇÃO |
| campo de controle |
20250409081210.0 |
| 008 - CAMPO DE DADOS FIXOS--INFORMAÇÃO GERAL |
| campo de controle de tamanho fixo |
250408b |||||||b |||| 00| 1 eng d |
| 040 ## - FONTE DA CATALOGAÇÃO |
| Idioma da catalogação |
por |
| 041 ## - CÓDIGO DE IDIOMA |
| Código do idioma do original e/ou traduções intermediárias do texto |
por |
| 082 ## - CDD - CLASSIFICAÇÃO DECIMAL DE DEWEY |
| Número de Classificação |
I 028.5 |
| Número do exemplar |
G158 |
| 245 ## - TÍTULO |
| Título |
A Galinha ruiva / |
| Indicação de responsabilidade, etc. |
Ilustrações de Yasmin Mundaca |
| 260 ## - PUBLICAÇÃO, DISTRIBUIÇÃO, ETC. |
| Local de publicação, distribuição, etc. |
Belo Horizonte |
| Nome do editor, distribuidor, etc. |
Educacional |
| Data da publicação, distribuição, etc. |
1998 |
| 300 ## - DESCRIÇÃO FÍSICA |
| Extensão |
23 p. |
| Outros detalhes físicos |
il. |
| 520 ## - NOTA DE RESUMO, ETC. |
| Resumo, etc. |
A galinha ruiva encontra um grão de milho e decide plantá-lo. Ela pede ajuda aos seus amigos animais da fazenda (geralmente um gato, um cachorro e um porco) para plantar, regar, colher o milho, debulhar, moer o grão e assar um bolo. Em todas as etapas, recebe a recusa dos amigos preguiçosos. Determinada, a galinha realiza todo o trabalho sozinha com seus pintinhos. Quando o bolo está pronto e cheiroso, os amigos aparecem querendo provar, mas a galinha os lembra de sua falta de colaboração e se recusa a compartilhar, ensinando uma lição sobre a importância da ajuda e do trabalho em equipe. |
| 650 #0 - ASSUNTO--TERMO TÓPICO |
| Cabeçalho tópico ou nome geográfico |
Literatura Brasileira |
| 9 (RLIN) |
205 |
| 650 #0 - ASSUNTO--TERMO TÓPICO |
| Cabeçalho tópico ou nome geográfico |
Histórias clássicas infantis |
| 9 (RLIN) |
826 |
| 650 #0 - ASSUNTO--TERMO TÓPICO |
| Cabeçalho tópico ou nome geográfico |
Infantil |
| 9 (RLIN) |
535 |
| 650 #0 - ASSUNTO--TERMO TÓPICO |
| Cabeçalho tópico ou nome geográfico |
Amizade e Solidariedade |
| 9 (RLIN) |
816 |
| 650 #0 - ASSUNTO--TERMO TÓPICO |
| Cabeçalho tópico ou nome geográfico |
Galinha ruiva |
| 9 (RLIN) |
819 |
| 655 #0 - TERMO DE ÍNDICE--GÊNERO E FORMA |
| Gênero/forma/ou termo foco |
Livro Infantil |
| 700 ## - ENTRADA ADICIONADA - NOME PESSOAL |
| Nome pessoal |
Yasmin Mundaca |
| Função do autor por extenso |
ILUSTRADOR |
| 9 (RLIN) |
818 |
| 942 ## - ELEMENTOS DE ENTRADA ADICIONADOS (KOHA) |
| Fonte de classificação ou esquema de arquivamento |
Classificação decimal de Dewey |
| Ocultar no OPAC |
Não |
| Tipo de material Koha |
Livros |